000 00583nam a2200205Ia 4500
005 20250508170055.0
008 008 250505s9999 xx 000 0 eng d
020 _a978-81-8457-868-3
037 _aTextual
040 _aFEDL
_beng
_cFEDL
041 _aeng
_2eng
084 _a428.007 1, PRA
_qFEDL
100 _aPrabhu N S
_991536
245 0 _aPerceptions of language pedagogy
260 _aNew Delhi, India
_bOrient Blackswan Pvt. Ltd.
_c2019
300 _axiv, 342p.
365 _aINR
_b895
942 _cTEXL
_h428.007 1, PRA
999 _c1399070
_d1399070